LIBRARY & INFORMATION CENTRE, KCAET, TAVANUR

ONLINE PUBLIC ACCESS CATALOGUE (OPAC)

Basic manufacturing processes (Workshop technology) (Record no. 14827)

MARC details
000 -LEADER
fixed length control field 00376nam a22001457a 4500
020 ## - INTERNATIONAL STANDARD BOOK NUMBER
ISBN 9788121930925
082 ## - DEWEY DECIMAL CLASSIFICATION NUMBER
Classification number 621.9
Item number KHU/BA
100 ## - MAIN ENTRY--AUTHOR NAME
Personal name Khurmi, R.S
100 ## - MAIN ENTRY--AUTHOR NAME
Personal name Gupta, J.K
245 ## - TITLE STATEMENT
Title Basic manufacturing processes (Workshop technology)
250 ## - EDITION STATEMENT
Edition statement 9th rev.
260 ## - PUBLICATION, DISTRIBUTION, ETC. (IMPRINT)
Place of publication New Delhi
Name of publisher S.Chand & Company Pvt. Ltd.
Year of publication 2014
300 ## - PHYSICAL DESCRIPTION
Number of Pages 318p
942 ## - ADDED ENTRY ELEMENTS (KOHA)
Koha item type Books
Holdings
Withdrawn status Lost status Damaged status Collection code Home library Current library Shelving location Date acquired Source of acquisition Cost, normal purchase price Full call number Accession Number Koha item type
        KAUAET KAUAET General Stacks 30/03/2017 Penta Book Distributors 450.00 621.9 KHU/BA 25551 Books
        KAUAET KAUAET General Stacks 30/03/2017 Penta Book Distributors 450.00 621.9 KHU/BA 25552 Books
        KAUAET KAUAET General Stacks 30/03/2017 Penta Book Distributors 450.00 621.9 KHU/BA 25553 Books
free website counter